000 00296nam a22001217a 4500
008 180806b xxu||||| |||| 00| 0 eng d
082 _a813.52
245 _aAdvanced cardiovascular
_cAMERICAN HEART ASSOCIATION
260 _c2006
300 _a1
_fcd
440 _x9780874938586
942 _2ddc
_cMX
999 _c46819
_d46819